[Event "DMP - II liga seniorow "]
[Site "Mrzezyno"]
[Date "2011.??.??"]
[Round "5.77"]
[White "Wlodarski, Michal"]
[Black "Choroszej, Aleksander"]
[Result "1-0"]
[WhiteElo "1932"]
[BlackElo "2078"]
[PlyCount "203"]
[EventDate "2011.??.??"]

1. Nf3 g6 2. d4 Bg7 3. b3 Nf6 4. Bb2 O-O 5. e3 b6 6. Bd3 Bb7 7. Nbd2 d5 8. c4
Nbd7 9. O-O c5 10. Qe2 Re8 11. Ne5 Nxe5 12. dxe5 Ne4 13. Rad1 Nxd2 14. Rxd2 e6
15. Rfd1 Qc7 16. f4 Rad8 17. Qf1 dxc4 18. Bxc4 Rxd2 19. Rxd2 Rd8 20. Qd1 Rxd2
21. Qxd2 Qc6 22. Qe2 Bf8 23. Bb5 Qc8 24. Qd1 a6 25. Be2 b5 26. a4 bxa4 27. bxa4
Bc6 28. Ba3 Qb7 29. Bf1 Qb6 30. Kf2 Qa5 31. Qd3 Qxa4 32. Qxa6 Qc2+ 33. Qe2 Qb3
34. Qb2 Qd5 35. Qc3 Be7 36. Qc4 Kf8 37. Qd3 Ke8 38. Qc4 Kd7 39. Qd3 Qxd3 40.
Bxd3 Bd5 41. e4 Bc6 42. Ke3 Ba4 43. Bc4 Kc6 44. g4 Bd1 45. h3 h5 46. gxh5 Bxh5
47. Bb2 Bh4 48. Bc3 Bg3 49. Bd2 g5 50. fxg5 Bxe5 51. Be1 Kd6 52. Ba5 Bg3 53.
Bd8 Be5 54. Ba5 Bb2 55. Bd8 Bc1+ 56. Kd3 Bf4 57. Bb5 Bg6 58. Be8 c4+ 59. Kxc4
Ke5 60. Kd3 Bxe4+ 61. Ke2 Bg6 62. Bb5 Bh5+ 63. Kf2 Kd5 64. Bd3 e5 65. Bf6 e4
66. Ba6 e3+ 67. Ke1 Bg3+ 68. Kf1 Ke4 69. Kg2 Bh4 70. Be7 Kf5 71. Bd3+ Ke6 72.
g6 fxg6 73. Bxh4 Ke5 74. Be1 Kd4 75. Bc2 g5 76. Kg3 Be2 77. Ba5 Bh5 78. Bf5 Bd1
79. Bg4 Ba4 80. Be2 Bd7 81. Bb6+ Ke4 82. Bg4 Bb5 83. Bd8 e2 84. Kf2 Kf4 85.
Bc7+ Ke4 86. Bxe2 Bd7 87. Bg4 Be8 88. Kg3 Bf7 89. Bd8 Ke5 90. Bxg5 Bg6 91. Bf4+
Kf6 92. h4 Kg7 93. Be5+ Kh6 94. Kf4 Be8 95. Bf6 Bf7 96. Bg5+ Kh7 97. Bf5+ Kg7
98. Kg4 Bb3 99. Be3 Kf6 100. Bd4+ Kf7 101. Kg5 Kg8 102. h5 1-0

[Event "DMP - II liga seniorow "]
[Site "Mrzezyno"]
[Date "2011.??.??"]
[Round "5.82"]
[White "Moskwinski, Tadeusz"]
[Black "Zareba, Radoslaw"]
[Result "1/2-1/2"]
[WhiteElo "2169"]
[BlackElo "2039"]
[PlyCount "92"]
[EventDate "2011.??.??"]

1. e4 d6 2. d4 g6 3. Nc3 Bg7 4. g3 Nf6 5. Bg2 O-O 6. Nge2 Na6 7. O-O c5 8. d5
Nc7 9. a4 b6 10. h3 a6 11. Be3 Rb8 12. Qd2 Re8 13. f4 Nd7 14. g4 b5 15. a5 b4
16. Nd1 Nb5 17. c4 bxc3 18. bxc3 Qc7 19. Bf2 c4 20. Ra4 Nc5 21. Rxc4 Nb3 22.
Qd3 Qxa5 23. Nd4 N3xd4 24. cxd4 Bd7 25. Ne3 Rec8 26. e5 Qa2 27. Rfc1 Qb2 28.
R1c2 Qa1+ 29. Kh2 Bh6 30. Kg3 Bg7 31. Rxc8+ Bxc8 32. Nc4 Bd7 33. Qd2 Qa4 34.
Na5 g5 35. Nc6 gxf4+ 36. Qxf4 Bxc6 37. Rxc6 dxe5 38. dxe5 Qa1 39. Qf5 Bxe5+ 40.
Kh4 Bf6+ 41. g5 Be5 42. Bc5 Qe1+ 43. Kh5 Nd6 44. Bxd6 exd6 45. Rc7 Rf8 46. Be4
Qe2+ 1/2-1/2

[Event "DMP - II liga seniorow "]
[Site "Mrzezyno"]
[Date "2011.??.??"]
[Round "5.92"]
[White "Wajda, Mariusz"]
[Black "Stepniak, Przemyslaw"]
[Result "1-0"]
[WhiteElo "1893"]
[BlackElo "1879"]
[PlyCount "89"]
[EventDate "2011.??.??"]

1. e4 c6 2. d4 d5 3. e5 e6 4. Nf3 h6 5. Bd3 Bd7 6. O-O Ne7 7. c3 Nc8 8. Nbd2 b5
9. Ne1 a5 10. f4 g6 11. Ndf3 Nb6 12. b3 a4 13. Be3 Na6 14. Bf2 Qc7 15. Bh4 c5
16. Qe2 c4 17. bxc4 bxc4 18. Bc2 a3 19. Nd2 Ba4 20. h3 Bxc2 21. Nxc2 Na4 22.
Rf3 Qa5 23. Nb1 Nb2 24. Kh2 Nc7 25. g4 h5 26. Kg3 Nb5 27. f5 hxg4 28. hxg4 gxf5
29. gxf5 Rg8+ 30. Kh2 Nd3 31. fxe6 fxe6 32. Rf6 Kd7 33. Qh5 Rg7 34. Rf7+ Kc6
35. Rxg7 Bxg7 36. Qf7 Bxe5+ 37. dxe5 Nc7 38. Nd4+ Kb7 39. Nxe6 Rc8 40. Bd8 Qb6
41. Nxc7 Kb8 42. Nd2 Rxd8 43. Rb1 Rh8+ 44. Kg2 d4 45. Nxc4 1-0

[Event "DMP - II liga seniorow"]
[Site "?"]
[Date "2011.09.07"]
[Round "5"]
[White "Przedmojski, Rafal"]
[Black "Strzemiecki, Zbigniew"]
[Result "1/2-1/2"]
[WhiteElo "2374"]
[BlackElo "2421"]
[PlyCount "43"]
[EventDate "2011.??.??"]

1. d4 Nf6 2. c4 e6 3. Nf3 b6 4. g3 Ba6 5. Qa4 Be7 6. Bg2 O-O 7. Ne5 d5 8. Nc3
c6 9. Bf4 Nfd7 10. cxd5 Nxe5 11. dxc6 Nexc6 12. Bxb8 Qxd4 13. Qxa6 Nb4 14. Qa4
Raxb8 15. O-O b5 16. Qb3 Qb6 17. a4 a6 18. axb5 axb5 19. Rfd1 Na6 20. Qxb5 Qxb5
21. Nxb5 Rxb5 22. Rxa6 1/2-1/2

[Event "DMP - II liga seniorow"]
[Site "?"]
[Date "2011.09.07"]
[Round "5"]
[White "Krzyzanowski, Marcin"]
[Black "Bugajski, Robert"]
[Result "1-0"]
[WhiteElo "2375"]
[BlackElo "2201"]
[PlyCount "71"]
[EventDate "2011.??.??"]

1. e4 e6 2. d4 d5 3. Nc3 Bb4 4. exd5 exd5 5. Bd3 Nc6 6. a3 Be7 7. Nge2 Bg4 8.
Be3 Nf6 9. Qd2 Qd7 10. O-O-O Bf5 11. f3 Bxd3 12. Qxd3 O-O 13. g4 Na5 14. g5 Ne8
15. h4 Nc4 16. Bf4 c6 17. h5 f5 18. Rdg1 b5 19. Be5 Ned6 20. Nf4 a5 21. h6 Nxe5
22. dxe5 Nc4 23. g6 gxh6 24. gxh7+ Kh8 25. Qd4 Qa7 26. Ng6+ Kxh7 27. Qf4 Qxg1+
28. Rxg1 Rg8 29. Qxf5 Bg5+ 30. Rxg5 hxg5 31. Ne7+ Kh8 32. Nxg8 Rxg8 33. e6 Rg7
34. e7 Nd6 35. Qf8+ Kh7 36. e8=Q 1-0

[Event "DMP - II liga seniorow"]
[Site "?"]
[Date "2011.09.07"]
[Round "5"]
[White "Mannke, Manfred"]
[Black "Kukawski, Maciej"]
[Result "1/2-1/2"]
[WhiteElo "2191"]
[BlackElo "2338"]
[PlyCount "61"]
[EventDate "2011.??.??"]

1. d4 d5 2. c4 e6 3. Nf3 c6 4. Nc3 dxc4 5. g3 b5 6. Bg2 Bb7 7. O-O Nd7 8. Bg5
Ngf6 9. a4 a6 10. Ne5 Qc8 11. Rc1 h6 12. Nxd7 Nxd7 13. Bf4 Be7 14. Ne4 O-O 15.
Nd6 Bxd6 16. Bxd6 Rd8 17. Be7 Re8 18. Bd6 Nb6 19. a5 Qd8 20. Ba3 Nd5 21. e4 Nf6
22. e5 Nd5 23. Qe1 c3 24. b4 Qd7 25. Be4 Rad8 26. Qe2 f5 27. exf6 Nxf6 28. Bg6
Rf8 29. Rxc3 Nd5 30. Rc5 Rf6 31. Be4 1/2-1/2

[Event "DMP - II liga seniorow"]
[Site "?"]
[Date "2011.09.07"]
[Round "5"]
[White "Jarmula, Pawel"]
[Black "Olejarczyk, Bogdan"]
[Result "1/2-1/2"]
[WhiteElo "2173"]
[BlackElo "2115"]
[PlyCount "122"]
[EventDate "2011.??.??"]

1. e4 d5 2. exd5 Qxd5 3. Nc3 Qd6 4. d4 Nf6 5. Nf3 c6 6. Ne5 Nbd7 7. f4 Nb6 8.
g4 Nbd5 9. Bg2 Be6 10. g5 Nxc3 11. bxc3 Nd7 12. O-O g6 13. Be3 Bg7 14. a4 O-O
15. a5 Nxe5 16. fxe5 Qd7 17. Qd3 Bd5 18. Bf4 b5 19. axb6 axb6 20. Rab1 b5 21.
Bxd5 Qxd5 22. Qf3 Qd7 23. Rbe1 Ra2 24. Re2 Qe6 25. h4 Rfa8 26. Bc1 Rf8 27. Kh2
Qc4 28. Qe3 b4 29. cxb4 Rxc2 30. Rxc2 Qxc2+ 31. Bd2 Rd8 32. Rf2 Qc4 33. Bc3 Qe6
34. Rc2 Qg4 35. Qf2 h6 36. Qg3 Qe4 37. Ra2 hxg5 38. hxg5 f6 39. gxf6 exf6 40.
exf6 Bxf6 41. Rg2 Kf7 42. Qc7+ Be7 43. Rf2+ Kg8 44. Kg1 Rd5 45. Qc8+ Kg7 46.
Qh3 Qb1+ 47. Qf1 Rg5+ 48. Kh1 Qe4+ 49. Rg2 Bf6 50. Qf2 Rf5 51. Qe2 Qh4+ 52. Rh2
Qg3 53. Be1 Qf4 54. Bd2 Qf1+ 55. Qxf1 Rxf1+ 56. Kg2 Rd1 57. Kf3 Bxd4 58. Ke2
Rb1 59. Rh4 Be5 60. Rc4 Kf6 61. Rxc6+ Kf5 1/2-1/2

[Event "DMP - II liga seniorow"]
[Site "?"]
[Date "2011.09.07"]
[Round "5"]
[White "Sielicki, Tomasz"]
[Black "Solnicki, Michal"]
[Result "0-1"]
[WhiteElo "2022"]
[BlackElo "2127"]
[PlyCount "58"]
[EventDate "2011.??.??"]

1. d4 d5 2. c4 c6 3. Nf3 Nf6 4. Nc3 a6 5. Bf4 b5 6. c5 g6 7. h3 Bg7 8. e3 O-O
9. Be2 Ne8 10. O-O f6 11. b4 a5 12. bxa5 Qxa5 13. Qb3 b4 14. a3 e5 15. dxe5
bxc3 16. exf6 Nxf6 17. Bxb8 Ba6 18. Bc7 Qxc7 19. Bxa6 Rxa6 20. Nd4 Qe7 21. Qxc3
Ne4 22. Qb4 Qxc5 23. Qb7 Bxd4 24. exd4 Qa7 25. Qb2 Rb8 26. Qe2 Rxa3 27. Rxa3
Qxa3 28. f3 Rb2 29. Qe1 Qa2 0-1

[Event "DMP - II liga seniorow"]
[Site "?"]
[Date "2011.09.07"]
[Round "5"]
[White "Harazinska, Ewa"]
[Black "Kaczorowska, Barbara"]
[Result "1/2-1/2"]
[WhiteElo "1798"]
[BlackElo "2150"]
[PlyCount "85"]
[EventDate "2011.??.??"]

1. d4 Nf6 2. c4 c6 3. Nf3 d5 4. e3 g6 5. Bd3 Bg7 6. O-O O-O 7. Nc3 Nbd7 8. Qc2
a6 9. b3 b5 10. Bb2 b4 11. Na4 a5 12. Rfd1 Nb6 13. Nxb6 Qxb6 14. Ne5 Ng4 15.
Qe2 Nxe5 16. dxe5 e6 17. Rac1 Ba6 18. f4 Rfd8 19. Kf2 dxc4 20. Bxc4 Bxc4 21.
Qxc4 Rxd1 22. Rxd1 Rd8 23. Rxd8+ Qxd8 24. Bd4 Qh4+ 25. Kf1 Qxh2 26. Qxc6 Qh1+
27. Kf2 Qh4+ 28. Ke2 Qh5+ 29. Qf3 Qxf3+ 30. Kxf3 Kf8 31. Bb6 Ke8 32. Ke4 Kd7
33. Bxa5 Bf8 34. Kd4 Kc6 35. Kc4 Bc5 36. Kd3 Be7 37. e4 Kb5 38. Bc7 g5 39. f5
h5 40. fxe6 fxe6 41. Bd6 Bd8 42. Bf8 Bb6 43. Bh6 1/2-1/2

[Event "DMP - II liga seniorow"]
[Site "?"]
[Date "2011.09.07"]
[Round "5"]
[White "Sopur, Lech"]
[Black "Kolosowski, Mateusz"]
[Result "1/2-1/2"]
[WhiteElo "2422"]
[BlackElo "2413"]
[PlyCount "114"]
[EventDate "2011.??.??"]

1. d4 Nf6 2. c4 g6 3. d5 c6 4. Nc3 cxd5 5. cxd5 d6 6. g3 Bg7 7. Bg2 O-O 8. Nf3
Nbd7 9. O-O Nc5 10. Nd4 a5 11. h3 Nfd7 12. Be3 a4 13. Rb1 Nb6 14. b3 axb3 15.
axb3 Bd7 16. Qd2 Ra3 17. Bh6 Nc4 18. bxc4 Bxh6 19. Qxh6 Rxc3 20. Rfc1 Qa5 21.
h4 f6 22. Kh2 Rxc1 23. Rxc1 Qa3 24. Bh3 f5 25. Nf3 Ne4 26. Kg2 Qc5 27. e3 Qa3
28. Rf1 Qa2 29. Ng5 Nxg5 30. Qxg5 Qxc4 31. Qxe7 Qxd5+ 32. Kh2 Bc6 33. Qg5 Qe5
34. Rd1 Kg7 35. h5 Qf6 36. h6+ Kg8 37. Qf4 Rd8 38. Kg1 Be4 39. g4 g5 40. Qg3
fxg4 41. Bxg4 Qxh6 42. Bf3 Bxf3 43. Qxf3 Qg7 44. Rd5 h6 45. Rf5 Rd7 46. Qd5+
Kh7 47. Qe4 Qg6 48. Qf3 Kg7 49. Qd5 Rc7 50. Kg2 Rc5 51. Qxb7+ Kg8 52. Qa8+ Kh7
53. Qb7+ Kg8 54. Qa8+ Kh7 55. Rf8 Qe6 56. Qb7+ Kg6 57. Qb1+ Kg7 1/2-1/2

[Event "DMP - II liga seniorow"]
[Site "?"]
[Date "2011.09.07"]
[Round "5"]
[White "Kolago, Marcin"]
[Black "Rawski, Slawomir"]
[Result "1-0"]
[WhiteElo "2351"]
[BlackElo "2205"]
[PlyCount "97"]
[EventDate "2011.??.??"]

1. e4 e6 2. d4 d5 3. Nd2 dxe4 4. Nxe4 Nf6 5. Nxf6+ Qxf6 6. Nf3 g6 7. Bd3 h5 8.
Bg5 Qg7 9. Qd2 Nc6 10. O-O-O Bd6 11. Rhe1 O-O 12. Be4 Re8 13. Kb1 a5 14. h3 a4
15. a3 Ra6 16. Bh6 Qh8 17. Bf4 Rb6 18. Bxc6 bxc6 19. Be5 f6 20. Bxd6 cxd6 21.
Qa5 Rb7 22. Qxa4 Bd7 23. Re3 Reb8 24. Rb3 Rxb3 25. cxb3 Kg7 26. g4 hxg4 27.
hxg4 Rb7 28. Ka2 c5 29. Qa6 Qb8 30. dxc5 Rxb3 31. Qxd6 Rxb2+ 32. Ka1 Be8 33.
Nd4 Qxd6 34. cxd6 Rxf2 35. Nxe6+ Kf7 36. Nd8+ Kf8 37. d7 Bxd7 38. Rxd7 Ke8 39.
Rd4 f5 40. gxf5 gxf5 41. Ne6 Ke7 42. Nf4 Kf6 43. Nd3 Rd2 44. Kb1 Kg5 45. Kc1
Ra2 46. a4 Rh2 47. a5 f4 48. Ra4 f3 49. a6 1-0

[Event "DMP - II liga seniorow"]
[Site "?"]
[Date "2011.09.07"]
[Round "5"]
[White "Kanarkiewicz, Michal"]
[Black "Jaroch, Karol"]
[Result "1/2-1/2"]
[WhiteElo "2013"]
[BlackElo "2263"]
[PlyCount "98"]
[EventDate "2011.??.??"]

1. e4 d5 2. exd5 Qxd5 3. Nc3 Qd6 4. d4 Nf6 5. Nf3 a6 6. Be3 e6 7. Qd2 b5 8. Bd3
Bb7 9. Bf4 Qb6 10. Qe2 Nbd7 11. Ne4 Nd5 12. Bd2 c5 13. dxc5 Nxc5 14. Nxc5 Bxc5
15. O-O O-O 16. Ng5 h6 17. Ne4 Bd4 18. c3 Be5 19. Ng3 Bf4 20. Be4 Bxd2 21. Qxd2
Rad8 22. Qe2 f5 23. Bf3 Nf4 24. Qe3 Qxe3 25. fxe3 Nd5 26. Rae1 g5 27. e4 Nf4
28. exf5 Bxf3 29. Rxf3 exf5 30. Nf1 Rfe8 31. Rxe8+ Rxe8 32. Re3 Rd8 33. Re5 Rd1
34. g3 Nh3+ 35. Kg2 g4 36. Rxf5 Rb1 37. Rf6 Rxb2+ 38. Kh1 Kg7 39. Rxa6 Ng5 40.
Ra7+ Kg6 41. Ra6+ Kh5 42. Rb6 Rf2 43. Ne3 Rf3 44. Nd5 Nh3 45. Nf4+ Nxf4 46.
Rxb5+ Kg6 47. gxf4 Rxc3 48. Kg2 Ra3 49. Rb6+ Kf5 1/2-1/2

[Event "DMP - II liga seniorow "]
[Site "?"]
[Date "2011.09.07"]
[Round "5"]
[White "Mareckova, Martina"]
[Black "Maszota, Natalia"]
[Result "0-1"]
[WhiteElo "2153"]
[BlackElo "2112"]
[PlyCount "100"]
[EventDate "2011.??.??"]

1. e4 e6 2. d3 d5 3. Qe2 Nf6 4. Nf3 b6 5. Nbd2 Ba6 6. e5 Nfd7 7. g3 Nc6 8. Bg2
g5 9. h3 Bg7 10. Nb3 h6 11. h4 Ndxe5 12. Nxe5 Nxe5 13. f4 gxf4 14. gxf4 Nc6 15.
f5 Qd6 16. fxe6 fxe6 17. Qh5+ Kd7 18. O-O Raf8 19. Rxf8 Qxf8 20. Bd2 Qe8 21.
Qg4 Bxb2 22. Re1 Rg8 23. Qf3 Qg6 24. Bf4 Qg4 25. Qxg4 Rxg4 26. Bxh6 Rxh4 27.
Be3 Nb4 28. Re2 Bc3 29. a3 Nc6 30. Rf2 Ne5 31. d4 Nc4 32. Rf7+ Ke8 33. Rxc7
Nxe3 34. Rxc3 Nc4 35. Rg3 Kf7 36. a4 Bc8 37. Rf3+ Ke7 38. Rg3 Bd7 39. Rg7+ Kd6
40. c3 a5 41. Nc1 Bxa4 42. Kf2 Bc2 43. Ra7 Be4 44. Kg3 Rh8 45. Bf1 Rh1 46. Bxc4
dxc4 47. Ne2 Rf1 48. d5 Bxd5 49. Nd4 e5 50. Nb5+ Kc6 0-1

[Event "DMP - II liga seniorow"]
[Site "?"]
[Date "2011.09.07"]
[Round "5"]
[White "Babik, Tomasz"]
[Black "Szczepkowska-Horowska, Karina"]
[Result "1-0"]
[WhiteElo "2224"]
[BlackElo "2353"]
[PlyCount "89"]
[EventDate "2011.??.??"]

1. d4 d6 2. Nf3 Nf6 3. c4 Nbd7 4. Nc3 e5 5. e4 Be7 6. Be2 O-O 7. O-O c6 8. Be3
a6 9. d5 cxd5 10. cxd5 b5 11. Nd2 Bb7 12. b4 Rc8 13. Qb3 Nb6 14. Rfc1 Nfd7 15.
a4 bxa4 16. Nxa4 Rxc1+ 17. Rxc1 f5 18. Nxb6 Nxb6 19. f3 Bg5 20. Ra1 fxe4 21.
fxe4 Nd7 22. Bxa6 Bxe3+ 23. Qxe3 Bxa6 24. Rxa6 Qb8 25. Qc3 Nf6 26. h3 Nh5 27.
Kh2 Qd8 28. Nf3 Qf6 29. Qe3 h6 30. b5 Rb8 31. b6 Nf4 32. Ra2 Qd8 33. Rb2 Qd7
34. Qc3 Rb7 35. Qc6 Qe7 36. Rc2 Kh7 37. Qc7 Ng6 38. Rc6 Qd7 39. Qxd6 Qf7 40.
Kh1 Nf4 41. Rc7 Rxc7 42. bxc7 Nxh3 43. c8=Q Nf2+ 44. Kg1 Nxe4 45. Qdd7 1-0

[Event "DMP - II liga seniorow"]
[Site "?"]
[Date "2011.09.07"]
[Round "5"]
[White "Matras-Clement, Agnieszka"]
[Black "Nurkiewicz, Maciej"]
[Result "0-1"]
[WhiteElo "2272"]
[BlackElo "2399"]
[PlyCount "118"]
[EventDate "2011.??.??"]

1. e4 c5 2. c3 d5 3. exd5 Qxd5 4. d4 Nc6 5. Nf3 Bg4 6. Be2 cxd4 7. cxd4 e6 8.
O-O Nf6 9. Nc3 Qa5 10. h3 Bh5 11. Be3 Be7 12. a3 O-O 13. Qb3 Qb6 14. Qxb6 axb6
15. Rfd1 Rfd8 16. g4 Bg6 17. Ne5 Bc2 18. Rd2 Bb3 19. Bf3 Na5 20. d5 Bxd5 21.
Nxd5 Nxd5 22. Bxd5 Rxd5 23. Rxd5 exd5 24. Bxb6 Bf6 25. Bxa5 Bxe5 26. Bd2 Bxb2
27. Rb1 Bxa3 28. Rxb7 d4 29. Rd7 Bb2 30. Bb4 h6 31. Bc5 Ra1+ 32. Kg2 Rd1 33.
Kf3 Bc3 34. Ke4 Re1+ 35. Kf3 Rd1 36. Ke4 Rd2 37. Bxd4 Bxd4 38. Rxd4 Rxf2 39. h4
h5 40. gxh5 Kh7 41. Ke5 Kh6 42. Rg4 Ra2 43. Kd6 Ra6+ 44. Ke7 f5 45. Rf4 Rf6 46.
Kd7 Kxh5 47. Ke7 Kg6 48. Kd7 Kf7 49. h5 Kg8 50. h6 g5 51. Rf1 g4 52. Ke7 Rxh6
53. Rxf5 Rg6 54. Rf2 g3 55. Rg2 Kg7 56. Kd7 Kh6 57. Ke7 Kh5 58. Kf7 Rg5 59. Kf6
Kh4 0-1

[Event "DMP - II liga seniorow"]
[Site "?"]
[Date "2011.09.07"]
[Round "5"]
[White "Szymanski, Marcin"]
[Black "Tobolski, Jakub"]
[Result "1-0"]
[WhiteElo "2416"]
[BlackElo "2099"]
[PlyCount "63"]
[EventDate "2011.??.??"]

1. d4 Nf6 2. c4 g6 3. Nc3 Bg7 4. e4 d6 5. Nf3 O-O 6. Be2 e5 7. O-O Nc6 8. d5
Ne7 9. Ne1 Nd7 10. Be3 f5 11. f3 Nf6 12. a4 Nh5 13. Nd3 c5 14. a5 Bd7 15. b4 b6
16. Nb5 Bxb5 17. cxb5 Nf4 18. axb6 axb6 19. Rxa8 Nxe2+ 20. Qxe2 Qxa8 21. Nb2
Qa2 22. bxc5 bxc5 23. b6 Qb3 24. Nc4 Nc8 25. Rc1 Nxb6 26. Nxd6 Ra8 27. Bxc5 Bh6
28. Qc2 Be3+ 29. Kf1 Nc4 30. Qxc4 Qb2 31. Bxe3 f4 32. Qc2 1-0

[Event "DMP - II liga seniorow "]
[Site "?"]
[Date "2011.09.07"]
[Round "5"]
[White "Cichy, Kamil"]
[Black "Protaziuk, Grzegorz"]
[Result "0-1"]
[WhiteElo "1946"]
[BlackElo "2353"]
[PlyCount "78"]
[EventDate "2011.??.??"]

1. e4 c5 2. Nf3 e6 3. c4 a6 4. Nc3 Qc7 5. Be2 b6 6. O-O Bb7 7. d4 cxd4 8. Nxd4
Nf6 9. Bd3 d6 10. Be3 Nbd7 11. f3 Ne5 12. Rc1 Nxd3 13. Qxd3 Be7 14. Rfd1 O-O
15. Qe2 Rac8 16. Qf2 Nd7 17. b3 Rfe8 18. Nde2 Ba8 19. Ng3 Qb8 20. Bd4 b5 21.
cxb5 axb5 22. Nh5 g6 23. Ng3 Ne5 24. f4 Ng4 25. Qe2 e5 26. Qxg4 exd4 27. Nd5
Bxd5 28. exd5 Rc5 29. Nf5 Bf6 30. Nh6+ Kg7 31. Nf5+ Kf8 32. Ng3 Rxc1 33. Rxc1
d3 34. Qd1 Qa7+ 35. Kh1 Qd4 36. Qf3 d2 37. Rd1 Re3 38. Qf1 Qxd5 39. Qg1 Rxg3
0-1

[Event "DMP - II liga seniorow"]
[Site "?"]
[Date "2011.09.07"]
[Round "5"]
[White "Sliwerski, Radoslaw"]
[Black "Smolka, Marcin"]
[Result "1-0"]
[WhiteElo "2192"]
[BlackElo "1891"]
[PlyCount "139"]
[EventDate "2011.??.??"]

1. d4 d5 2. c4 e6 3. Nc3 c6 4. Nf3 Nf6 5. Bg5 Nbd7 6. e3 Be7 7. Rc1 O-O 8. Bd3
dxc4 9. Bxc4 b5 10. Bd3 Bb7 11. O-O a6 12. a4 h6 13. Bh4 b4 14. Bxf6 Nxf6 15.
Ne4 Rc8 16. Qe2 Nxe4 17. Bxe4 Qa5 18. Ne5 Qxa4 19. Nd7 Qa5 20. Nxf8 Bxf8 21.
Qf3 Qb6 22. g4 Be7 23. b3 a5 24. Rfd1 Qb5 25. Ra1 Qg5 26. h4 Qb5 27. Rdc1 Bd6
28. h5 Qg5 29. Kf1 Ba6+ 30. Ke1 Qb5 31. Rc4 c5 32. dxc5 Be5 33. Rd1 Bc3+ 34.
Rxc3 bxc3 35. Bd3 Qb4 36. Bc2 Qb5 37. Bd3 Qb4 38. Bc2 Bb7 39. e4 Qxc5 40. Rd7
f6 41. Rxb7 Rd8 42. e5 Qxe5+ 43. Qe4 Qxe4+ 44. Bxe4 Rd4 45. Bg6 Kf8 46. f3 f5
47. Rf7+ Kg8 48. Rc7 Kf8 49. gxf5 exf5 50. Rxc3 a4 51. bxa4 Rxa4 52. Rc7 Ra5
53. Ke2 Rb5 54. Ke3 Ra5 55. Kf4 Rb5 56. Bxf5 Rb4+ 57. Be4 Rb5 58. Bg6 Ra5 59.
Ke4 Ra4+ 60. Ke5 Ra5+ 61. Ke6 Ra6+ 62. Kd7 Ra8 63. Rb7 Kg8 64. Ke7 Rc8 65. Be4
Kh8 66. Kf7 Ra8 67. Re7 Rb8 68. Bf5 Ra8 69. Kg6 Ra6+ 70. Be6 1-0

[Event "DMP - II liga seniorow"]
[Site "?"]
[Date "2011.09.07"]
[Round "5"]
[White "Dziodzio, Angelika"]
[Black "Rzepecka, Dorota"]
[Result "1-0"]
[WhiteElo "1939"]
[BlackElo "1897"]
[PlyCount "135"]
[EventDate "2011.??.??"]

1. e4 e6 2. Nf3 d5 3. e5 c5 4. b4 b6 5. c3 Qd7 6. a3 Ne7 7. Bd3 Ba6 8. Bc2 Nec6
9. d3 Be7 10. O-O Qc7 11. Re1 Nd7 12. d4 Rc8 13. Ba4 b5 14. Bb3 cxd4 15. cxd4
Nb6 16. Be3 h6 17. Qe2 Nc4 18. Bxc4 bxc4 19. Nc3 Bb7 20. Qd2 a6 21. Reb1 Na7
22. Ne1 Nb5 23. Na4 O-O 24. Nc5 Bxc5 25. bxc5 Rb8 26. a4 Na7 27. Ra3 Bc6 28.
Rb6 f5 29. Qb2 c3 30. Rxc3 Bxa4 31. Ra3 Bb5 32. Rxe6 Nc6 33. Bd2 Bc4 34. Qa1
Rb7 35. Qc3 f4 36. h3 Nd8 37. Rd6 Nf7 38. Rg6 Ng5 39. Qa5 Qxa5 40. Bxa5 Rb2 41.
f3 Kf7 42. Rb6 Rxb6 43. Bxb6 Rb8 44. Ra1 Ne6 45. Rd1 Ra8 46. Rd2 a5 47. Nc2 a4
48. Na3 Bb3 49. Kf2 Ke7 50. Ke2 Bc4+ 51. Kd1 Bb3+ 52. Kc1 Kd7 53. Kb2 Kc6 54.
Kc3 Ra6 55. h4 Nf8 56. Re2 Ne6 57. Re1 Ra8 58. Rg1 Re8 59. Nb1 Ra8 60. Nd2 Bc4
61. Nxc4 dxc4 62. Kxc4 a3 63. d5+ Kd7 64. c6+ Ke7 65. dxe6 a2 66. c7 Kxe6 67.
Ra1 Kd7 68. Rd1+ 1-0

[Event "DMP - II liga seniorow"]
[Site "?"]
[Date "2011.09.07"]
[Round "5"]
[White "Raszka, Janusz"]
[Black "Zdrojewski, Wojciech"]
[Result "1/2-1/2"]
[WhiteElo "2253"]
[BlackElo "2176"]
[PlyCount "100"]
[EventDate "2011.??.??"]

1. e4 e6 2. d4 d5 3. Nd2 dxe4 4. Nxe4 Nf6 5. Nxf6+ Qxf6 6. Nf3 h6 7. Bd3 Nd7 8.
O-O Bd6 9. c4 O-O 10. c5 Bf4 11. Qe2 Bxc1 12. Qe4 Qf5 13. Qxf5 exf5 14. Raxc1
Nf6 15. Rfe1 Be6 16. Bc4 Rfe8 17. Kf1 Rad8 18. Bxe6 Rxe6 19. Rxe6 fxe6 20. Ke2
Kf7 21. Rc4 Nd5 22. Ra4 Ra8 23. Ra3 Ke7 24. Ne5 a6 25. Kd2 Kf6 26. Rb3 Ra7 27.
a4 g5 28. a5 Kg7 29. g3 Kf6 30. c6 b5 31. axb6 Nxb6 32. Kd3 Ke7 33. Ra3 Ra8 34.
b4 Kd6 35. Ra5 Ke7 36. Ra2 g4 37. Ra5 Kd6 38. Ra1 h5 39. h4 gxh3 40. Rh1 a5 41.
bxa5 Rxa5 42. Rxh3 Ra3+ 43. Ke2 Ra4 44. Nf3 Kxc6 45. Rxh5 Ra2+ 46. Kf1 Kd6 47.
Rh6 Ra8 48. Ng5 Re8 49. Ke2 Nd7 50. Ke3 c5 1/2-1/2

[Event "DMP - II liga seniorow "]
[Site "Mrzezyno"]
[Date "2011.09.07"]
[Round "5"]
[White "Sakalauskas, Vaidas"]
[Black "Wojciechowski, Piotr"]
[Result "1/2-1/2"]
[WhiteElo "2410"]
[BlackElo "2295"]
[PlyCount "63"]
[EventDate "2011.??.??"]

1. d4 Nf6 2. c4 e6 3. Nc3 Bb4 4. Qc2 c5 5. dxc5 O-O 6. Bg5 Na6 7. e3 Nxc5 8. f3
Qa5 9. Bxf6 gxf6 10. Nge2 Na4 11. Rc1 b6 12. a3 Bxc3+ 13. Nxc3 Nxc3 14. Qxc3
Qxc3+ 15. Rxc3 f5 16. Be2 Bb7 17. Kf2 Rac8 18. Rd1 Rfd8 19. Rcd3 Ba6 20. b3 Rc7
21. Rd4 Kf8 22. Rh4 Kg7 23. Rd6 Bb7 24. Ke1 Rc6 25. Rd1 Rc5 26. Rd6 Rc6 27.
Rdd4 e5 28. Rd2 d5 29. Rxd5 Rxd5 30. cxd5 Rg6 31. e4 Rxg2 32. Rh5 1/2-1/2

[Event "DMP - II liga seniorow "]
[Site "Mrzezyno"]
[Date "2011.09.07"]
[Round "5"]
[White "Wandzik, Wojciech"]
[Black "Bardeli, Lukasz"]
[Result "1-0"]
[WhiteElo "2244"]
[BlackElo "2295"]
[PlyCount "56"]
[EventDate "2011.??.??"]

1. e4 c5 2. Nf3 g6 3. Bc4 Bg7 4. d4 Nc6 5. dxc5 Qa5+ 6. Bd2 Qxc5 7. Nc3 Nf6 8.
Bd3 Ng4 9. O-O O-O 10. Rb1 Nge5 11. b4 Qd6 12. Be2 Nxf3+ 13. Bxf3 Qc7 14. e5 d6
15. Nd5 Qd8 16. exd6 exd6 17. Be3 Be6 18. Be2 Re8 19. Bc4 Ne5 20. Bb3 b6 21.
Qd2 Rc8 22. Rbc1 Ng4 23. Bg5 f6 24. Bf4 Qd7 25. Bxd6 Kh8 26. Bf4 Bxd5 27. Qxd5
Qxd5 28. Bxd5 g5 1-0

[Event "DMP - II liga seniorow "]
[Site "Mrzezyno"]
[Date "2011.09.07"]
[Round "5"]
[White "Fengier, Winicjusz"]
[Black "Flasinski, Michal"]
[Result "1/2-1/2"]
[WhiteElo "2073"]
[BlackElo "2235"]
[PlyCount "103"]
[EventDate "2011.??.??"]

1. Nf3 Nf6 2. c4 b6 3. g3 Bb7 4. Bg2 c5 5. Nc3 e6 6. O-O Be7 7. Re1 O-O 8. e4
d6 9. d4 cxd4 10. Nxd4 a6 11. e5 dxe5 12. Bxb7 Ra7 13. Nc6 Qxd1 14. Nxe7+ Kh8
15. Rxd1 Rxb7 16. b3 b5 17. cxb5 axb5 18. Be3 Na6 19. Nc6 Rc7 20. Nxe5 Rxc3 21.
Rd6 Nc7 22. Rc1 Ncd5 23. Rxc3 Nxc3 24. Ra6 Kg8 25. Ra7 Nfd5 26. Bc5 Rc8 27. Nd3
f6 28. f4 Ne2+ 29. Kg2 Nc1 30. Nxc1 Rxc5 31. Ne2 Rc2 32. Kf3 e5 33. fxe5 fxe5
34. a4 Rb2 35. axb5 Rxb3+ 36. Kf2 Rxb5 37. Rd7 Nf6 38. Re7 Rb2 39. h3 e4 40. g4
h6 41. Re5 g5 42. Kf1 Rb3 43. Kg2 Ra3 44. Ng3 Nd5 45. Rxe4 Nf4+ 46. Kh2 Rd3 47.
Ra4 Rd6 48. Nf5 Rb6 49. Ra8+ Kh7 50. Ra7+ Kh8 51. Ra8+ Kh7 52. Ra7+ 1/2-1/2

[Event "DMP - II liga seniorow "]
[Site "Mrzezyno"]
[Date "2011.09.07"]
[Round "5"]
[White "Dudys, Jakub"]
[Black "Sobczak, Miroslaw"]
[Result "1-0"]
[WhiteElo "2185"]
[BlackElo "1962"]
[PlyCount "51"]
[EventDate "2011.??.??"]

1. e4 d6 2. d4 Nf6 3. Nc3 c6 4. Bg5 Nbd7 5. Nf3 Qa5 6. Qd2 b5 7. Bd3 e5 8. O-O
Qc7 9. d5 a6 10. dxc6 Qxc6 11. Rfe1 h6 12. Bxf6 Nxf6 13. a4 b4 14. Nd5 Nxd5 15.
exd5 Qc5 16. Re4 Bf5 17. Rc4 Qxd5 18. Rc8+ Rxc8 19. Bb5+ axb5 20. Qxd5 bxa4 21.
Rxa4 Be7 22. Ra7 Bd7 23. Nxe5 Rxc2 24. Qxf7+ Kd8 25. Rxd7+ Kc8 26. g3 1-0

[Event "DMP - II liga seniorow "]
[Site "Mrzezyno"]
[Date "2011.09.07"]
[Round "5"]
[White "Banach, Wieslaw"]
[Black "Gola, Karol"]
[Result "0-1"]
[WhiteElo "2110"]
[BlackElo "2163"]
[PlyCount "70"]
[EventDate "2011.??.??"]

1. e4 c5 2. Nf3 e6 3. d4 cxd4 4. Nxd4 a6 5. Nc3 Qc7 6. Bd3 Nf6 7. Be3 d6 8. f4
Nbd7 9. Qf3 Be7 10. g4 Nc5 11. O-O-O Nfd7 12. Rhe1 b5 13. Bf2 Nxd3+ 14. Rxd3
Bb7 15. Nd5 exd5 16. exd5 Kf8 17. Nf5 Bd8 18. Qe2 Nf6 19. g5 Qd7 20. gxf6 Bxf6
21. Qe4 g6 22. Nd4 Re8 23. Qf3 Kg7 24. f5 Re5 25. Rxe5 dxe5 26. Nb3 Qxf5 27.
Qxf5 gxf5 28. Nc5 Bg5+ 29. Kd1 Bc8 30. d6 e4 31. Rg3 Kh6 32. Bd4 Rd8 33. Be5 f6
34. Rh3+ Kg6 35. Bg3 f4 0-1